The science of bharata natyam (Record no. 8516)

MARC details
000 -LEADER
fixed length control field 00503nam a2200169Ia 4500
003 - CONTROL NUMBER IDENTIFIER
control field IN-BaIIA
008 - FIXED-LENGTH DATA ELEMENTS--GENERAL INFORMATION
fixed length control field 211028s9999 xx 000 0 eng d
040 ## - CATALOGING SOURCE
Transcribing agency IIA Library
080 ## - UNIVERSAL DECIMAL CLASSIFICATION NUMBER
Universal Decimal Classification number 793.32
Item number SAR
100 ## - MAIN ENTRY--PERSONAL NAME
Personal name Vaidyanathan, Saroja
9 (RLIN) 14267
245 #4 - TITLE STATEMENT
Title The science of bharata natyam
Statement of responsibility, etc. Saroja Vaidyanathan
260 ## - PUBLICATION, DISTRIBUTION, ETC.
Place of publication, distribution, etc. New Delhi
Name of publisher, distributor, etc. Saroja Vaidyanathan
Date of publication, distribution, etc. 1984
300 ## - PHYSICAL DESCRIPTION
Extent 80p.
650 ## - SUBJECT ADDED ENTRY--TOPICAL TERM
Topical term or geographic name entry element Bharatanatyam
9 (RLIN) 14268
650 ## - SUBJECT ADDED ENTRY--TOPICAL TERM
Topical term or geographic name entry element Classical dance
9 (RLIN) 14269
942 ## - ADDED ENTRY ELEMENTS (KOHA)
Koha item type Books
Holdings
Withdrawn status Lost status Damaged status Not for loan Home library Current library Shelving location Date acquired Total Checkouts Full call number Barcode Date last seen Price effective from Koha item type
        IIA Library-Bangalore IIA Library-Bangalore General Stacks 30/10/1985   793.32/ SAR 9381 05/11/2021 30/10/1985 Books

Powered by Koha